Normal view
MARC view
- Talbot Ian,Muhammad Atif
Entry Personal Name
001 - CONTROL NUMBER
- control field: 9707
003 - CONTROL NUMBER IDENTIFIER
- control field: NUST
005 - DATE AND TIME OF LATEST TRANSACTION
- control field: 20180124142404.0
008 - FIXED-LENGTH DATA ELEMENTS
- fixed length control field: 180124|| aca||aabn | a|a d
040 ## - CATALOGING SOURCE
- Original cataloging agency: NUST
- Transcribing agency: NUST
100 ## - HEADING--PERSONAL NAME
- Personal name: Talbot Ian,Muhammad Atif
670 ## - SOURCE DATA FOUND
- Source citation: Work cat.: (NUST)325013: Talbot Ian,Muhammad Atif, Pakistan Aik Naye Tareekh, 2014
